Sherlock Holmes / Volume II (Record no. 1252)

000 -LEADER
fixed length control field 01624nam a22004217a 4500
001 - CONTROL NUMBER
control field 11274420
003 - CONTROL NUMBER IDENTIFIER
control field LIBRIS
005 - DATE AND TIME OF LATEST TRANSACTION
control field 20210501122630.0
006 - FIXED-LENGTH DATA ELEMENTS--ADDITIONAL MATERIAL CHARACTERISTICS
fixed length control field m || | |
007 - PHYSICAL DESCRIPTION FIXED FIELD--GENERAL INFORMATION
fixed length control field cr c|| |||||
007 - PHYSICAL DESCRIPTION FIXED FIELD--GENERAL INFORMATION
fixed length control field cr ||| |||||
008 - FIXED-LENGTH DATA ELEMENTS--GENERAL INFORMATION
fixed length control field 090112s1986 nyu|||||s|||||000 1|eng|c
020 ## - INTERNATIONAL STANDARD BOOK NUMBER
International Standard Book Number 0553212427
020 ## - INTERNATIONAL STANDARD BOOK NUMBER
International Standard Book Number 9780553212426
035 ## - SYSTEM CONTROL NUMBER
System control number (CaPaEBR)ebr10137649
040 ## - CATALOGING SOURCE
Original cataloging agency CaPaEBR
Transcribing agency CaPaEBR
Description conventions a
Language of cataloging eng
041 ## - LANGUAGE CODE
Language code of text/sound track or separate title eng
050 14 - LIBRARY OF CONGRESS CALL NUMBER
Classification number PR4620
Item number .A2 1986eb
080 ## - UNIVERSAL DECIMAL CLASSIFICATION NUMBER
Universal Decimal Classification number 821.111
Item number D-79
100 1# - MAIN ENTRY--PERSONAL NAME
Personal name Doyle, Arthur Conan,
Titles and words associated with a name Sir,
Dates associated with a name 1859-1930.
245 10 - TITLE STATEMENT
Title Sherlock Holmes / Volume II
Medium the complete novels and stories.
Remainder of title / by: Bantam Books
250 ## - EDITION STATEMENT
Edition statement Bantam classic edition
264 #1 - PRODUCTION, PUBLICATION, DISTRIBUTION, MANUFACTURE, AND COPYRIGHT NOTICE
Place of production, publication, distribution, manufacture New York
Name of producer, publisher, distributor, manufacturer Bantam Books
Date of production, publication, distribution, manufacture, or copyright notice 1986
300 ## - PHYSICAL DESCRIPTION
Extent xviii, vol2. 662 p.
365 ## - TRADE PRICE
Price amount 6.95 usd
490 0# - SERIES STATEMENT
Series statement Sherlock Holmes : the complete novels and stories
533 ## - REPRODUCTION NOTE
Type of reproduction Electronic reproduction.
Place of reproduction Palo Alto, Calif.
Agency responsible for reproduction ebrary
Date of reproduction 2008.
Note about reproduction Available via World Wide Web.
-- Access may be limited to ebrary affiliated libraries.
650 #0 - SUBJECT ADDED ENTRY--TOPICAL TERM
Topical term or geographic name entry element Holmes, Sherlock (Fictitious character)
Form subdivision Fiction.
650 #0 - SUBJECT ADDED ENTRY--TOPICAL TERM
Topical term or geographic name entry element English literature
9 (RLIN) 254
653 ## - INDEX TERM--UNCONTROLLED
Uncontrolled term ინგლისური ლიტერატურა
655 #7 - INDEX TERM--GENRE/FORM
Genre/form data or focus term Electronic books.
Source of term local
700 1# - ADDED ENTRY--PERSONAL NAME
Personal name Estleman, Loren D.
887 ## - NON-MARC INFORMATION FIELD
Content of non-MARC field {"@id":"n600kk402ptwxp7","modified":"2018-10-30T23:00:00+01:00","checksum":"26111753954"}
Source of data librisxl
887 ## - NON-MARC INFORMATION FIELD
Content of non-MARC field {"@id":"jt2czf7xg3fs4xs7","modified":"2019-08-23T13:50:54.141+02:00","checksum":"37329539082"}
Source of data librisxl
942 ## - ADDED ENTRY ELEMENTS (KOHA)
Source of classification or shelving scheme
Koha item type Books
Holdings
Withdrawn status Lost status Source of classification or shelving scheme Damaged status Not for loan Permanent location Current location Date acquired Inventory number Total Checkouts Full call number Barcode Date last seen Price effective from Koha item type
          Ken Walker International University Ken Walker International University 02/08/2021 438   821.111 D-79 438 02/08/2021 02/08/2021 Books

Powered by Koha